[Event "Open SSC Rostock 07 - 2009"]
[Site "Rostock"]
[Date "2009.08.29"]
[Round "5.21"]
[White "Losch, Marika"]
[Black "Bardosch, Konstantin"]
[Result "0-1"]
[WhiteElo "1331"]
[BlackElo "1350"]
[PlyCount "37"]
[EventDate "2009.08.27"]
[EventType "swiss"]
[EventRounds "7"]
[EventCountry "GER"]
[Source "Th. Schwetlick"]
[SourceDate "2009.08.27"]
[BlackTeam "SSC Rostock 07"]

1. e4 c5 2. f4 d6 3. Bc4 e6 4. Qf3 Nc6 5. c3 a6 6. Nh3 Be7 7. O-O b5 8. Be2 Bb7
9. f5 e5 10. Qg3 Bf6 11. d3 h6 12. Nf2 d5 13. Ng4 Bh4 14. Qh3 h5 15. Nf2 Bxf2+
16. Rxf2 Nf6 17. g4 dxe4 18. g5 exd3 19. Qxd3 {Handy} 0-1

[Event "Open SSC Rostock 07 - 2009"]
[Site "Rostock"]
[Date "2009.08.29"]
[Round "5.22"]
[White "Friedel, Roland"]
[Black "Henselin, Frank"]
[Result "1/2-1/2"]
[WhiteElo "1757"]
[BlackElo "1434"]
[PlyCount "82"]
[EventDate "2009.08.27"]
[EventType "swiss"]
[EventRounds "7"]
[EventCountry "GER"]
[Source "Th. Schwetlick"]
[SourceDate "2009.08.27"]
[WhiteTeam "SSC Rostock 07"]
[BlackTeam "SAV Torgelow-Droegeheide"]

1. d4 d6 2. Nf3 Nf6 3. Nbd2 g6 4. e4 Bg7 5. Bd3 O-O 6. O-O Re8 7. c3 Nbd7 8.
Re1 e5 9. dxe5 dxe5 10. Bc2 b6 11. Nf1 Bb7 12. Bg5 Nc5 13. Qxd8 Raxd8 14. Ng3
h6 15. Bxf6 Bxf6 16. Rad1 h5 17. h4 Kf8 18. b4 Ne6 19. Rxd8 Rxd8 20. Rd1 Rxd1+
21. Bxd1 c5 22. Bb3 Nf4 23. b5 a6 24. a4 axb5 25. axb5 Ke7 26. c4 Bc8 27. Bc2
Bg4 28. Nh2 Be2 29. Nxe2 Nxe2+ 30. Kf1 Nd4 31. Bd1 Bxh4 32. Nf3 Nxf3 33. Bxf3
Bf6 34. g3 h4 35. gxh4 Bxh4 36. Bg4 Kf6 37. f3 Kg5 38. Bd7 f5 39. exf5 gxf5 40.
Ke2 Kf4 41. Bc6 e4 1/2-1/2

[Event "Open SSC Rostock 07 - 2009"]
[Site "Rostock"]
[Date "2009.08.29"]
[Round "5.24"]
[White "Feilcke, Samuel"]
[Black "Jaehn, Janis"]
[Result "1/2-1/2"]
[WhiteElo "941"]
[BlackElo "1461"]
[PlyCount "95"]
[EventDate "2009.08.27"]
[EventType "swiss"]
[EventRounds "7"]
[EventCountry "GER"]
[Source "Th. Schwetlick"]
[SourceDate "2009.08.27"]
[BlackTeam "SF Schwerin"]

1. e4 c5 2. Nc3 e6 3. d3 Nc6 4. g3 d6 5. Bg2 g6 6. Nge2 Bg7 7. Be3 Nge7 8. O-O
O-O 9. Qd2 Re8 10. Rfe1 a6 11. Rad1 Nd4 12. b4 Bd7 13. Rb1 Rb8 14. Rb2 Nxe2+
15. Rxe2 cxb4 16. Rxb4 Qa5 17. Rb3 Rec8 18. Bb6 Bxc3 19. Bxa5 Bxd2 20. Bxd2
Rxc2 21. Ra3 Rbc8 22. Bf1 Bb5 23. Bg5 Kf8 24. Rb3 Rxe2 25. Bxe2 Rc2 26. Kf1
Rxa2 27. Rc3 Nc6 28. Bf4 Ke7 29. h4 h5 30. g4 hxg4 31. Bxg4 a5 32. h5 gxh5 33.
Bxh5 a4 34. Bg5+ f6 35. Bc1 Ra1 36. Be2 Kd7 37. Kg2 Ne5 38. Be3 Ra2 39. Bf1 Bc6
40. Kg3 b5 41. d4 b4 42. Rc1 Nf7 43. Bc4 b3 44. d5 exd5 45. exd5 Bb7 46. Bb5+
Ke7 47. Rc7+ Kf8 48. Rxb7 1/2-1/2

[Event "Open SSC Rostock 07 - 2009"]
[Site "Rostock"]
[Date "2009.08.29"]
[Round "5.25"]
[White "Schreiber, Nico"]
[Black "Breuel, Steffen"]
[Result "1-0"]
[WhiteElo "1844"]
[BlackElo "1054"]
[PlyCount "77"]
[EventDate "2009.08.27"]
[EventType "swiss"]
[EventRounds "7"]
[EventCountry "GER"]
[Source "Th. Schwetlick"]
[SourceDate "2009.08.27"]
[WhiteTeam "SC Mecklenburger Springer"]
[BlackTeam "SSC Rostock 07"]

1. d4 Nf6 2. Bf4 e6 3. e3 c5 4. c3 Nc6 5. Nd2 d5 6. Ngf3 Bd6 7. Ne5 Qc7 8. Ndf3
Nh5 9. Bb5 Nxf4 10. exf4 O-O 11. g3 f6 12. Nxc6 bxc6 13. Bd3 cxd4 14. Nxd4 a6
15. Qc2 f5 16. O-O c5 17. Nf3 c4 18. Be2 Rf6 19. Rfe1 Bb7 20. Qd2 Rg6 21. Ne5
Bxe5 22. fxe5 Rf8 23. f4 Qc5+ 24. Qd4 Qe7 25. Kf2 Rh6 26. h4 Qc7 27. b3 cxb3
28. axb3 Qc6 29. b4 Rb8 30. Ra5 Bc8 31. Rea1 Qb6 32. Qxb6 Rxb6 33. Bxa6 Bd7 34.
Be2 Kf7 35. Ra7 Ke7 36. Rc7 Kd8 37. Raa7 Bb5 38. Rxg7 Bxe2 39. Rg8# 1-0

[Event "Open SSC Rostock 07 - 2009"]
[Site "Rostock"]
[Date "2009.08.29"]
[Round "6.1"]
[White "Kathstede, Gerd"]
[Black "Tomczak, Jacek"]
[Result "0-1"]
[WhiteElo "2147"]
[BlackElo "2447"]
[PlyCount "62"]
[EventDate "2009.08.27"]
[EventType "swiss"]
[EventRounds "7"]
[EventCountry "GER"]
[Source "Th. Schwetlick"]
[SourceDate "2009.08.27"]
[WhiteTeam "Hervest-Dorstener SK"]
[BlackTeam "SSC Rostock 07"]

1. e4 d5 2. exd5 Qxd5 3. Nc3 Qd6 4. d4 Nf6 5. Nge2 Bg4 6. f3 Bf5 7. Ng3 Bg6 8.
Be3 Nc6 9. Qd2 O-O-O 10. O-O-O Qb4 11. a3 Qa5 12. Nce4 Qxd2+ 13. Rxd2 Nd5 14.
Bf2 a6 15. Bc4 e6 16. h4 Be7 17. Ne2 h6 18. N4c3 Nb6 19. Bd3 Bxd3 20. Rxd3 Nc4
21. d5 exd5 22. Nxd5 Bd6 23. Rhd1 Rhe8 24. Nec3 f5 25. Re1 Rxe1+ 26. Bxe1 N6e5
27. Rd1 c6 28. Nb4 Ne3 29. Rd2 Bxb4 30. axb4 Rxd2 31. Kxd2 Nxg2 0-1

[Event "Open SSC Rostock 07 - 2009"]
[Site "Rostock"]
[Date "2009.08.29"]
[Round "6.2"]
[White "Szelag, Marcin"]
[Black "Duester, Christian"]
[Result "0-1"]
[WhiteElo "2466"]
[BlackElo "2240"]
[PlyCount "70"]
[EventDate "2009.08.27"]
[EventType "swiss"]
[EventRounds "7"]
[EventCountry "GER"]
[Source "Th. Schwetlick"]
[SourceDate "2009.08.27"]
[WhiteTeam "SSC Rostock 07"]
[BlackTeam "SC Rotation Pankow"]

1. e4 e5 2. Nf3 Nc6 3. Bb5 f5 4. Nc3 fxe4 5. Nxe4 d5 6. Nxe5 dxe4 7. Nxc6 Qd5
8. c4 Qd6 9. Nxa7+ Bd7 10. Bxd7+ Qxd7 11. Nb5 c6 12. Nc3 Nf6 13. O-O Bc5 14. d4
exd3 15. Re1+ Kf7 16. Be3 Bxe3 17. Rxe3 Rad8 18. Qd2 Rhe8 19. Rd1 Qd4 20. b3
Kg8 21. h3 Rxe3 22. fxe3 Qe5 23. Rf1 h6 24. Rf4 Nh5 25. Re4 Qf6 26. Rg4 g5 27.
Ne4 Qa1+ 28. Kh2 Qe5+ 29. g3 Nf6 30. Nxf6+ Qxf6 31. Rd4 Rxd4 32. exd4 Qf3 33.
Qa5 Qf2+ 34. Kh1 d2 35. Qd8+ Qf8 0-1

[Event "Open SSC Rostock 07 - 2009"]
[Site "Rostock"]
[Date "2009.08.29"]
[Round "6.3"]
[White "Friedel, Marcus"]
[Black "Tomczak, Rafal"]
[Result "0-1"]
[WhiteElo "2142"]
[BlackElo "2345"]
[PlyCount "120"]
[EventDate "2009.08.27"]
[EventType "swiss"]
[EventRounds "7"]
[EventCountry "GER"]
[Source "Th. Schwetlick"]
[SourceDate "2009.08.27"]
[WhiteTeam "SK 1926 Ettlingen"]
[BlackTeam "SSC Rostock 07"]

1. e4 c5 2. c3 d5 3. exd5 Qxd5 4. d4 e6 5. Nf3 Nf6 6. Bd3 Nc6 7. O-O Be7 8. c4
Qd8 9. dxc5 Bxc5 10. Nc3 O-O 11. Qe2 a6 12. Bg5 h6 13. Bh4 Nd4 14. Nxd4 Qxd4
15. Bg3 Qg4 16. Rad1 Qxe2 17. Bxe2 Bd7 18. Bf3 Bc6 19. Bxc6 bxc6 20. Bd6 Bxd6
21. Rxd6 Rfc8 22. Rfd1 Kf8 23. f3 Ke7 24. R6d2 c5 25. Kf2 Rc6 26. b3 Ra7 27.
Ke3 Rd7 28. Na4 Rxd2 29. Rxd2 Ne8 30. Rd3 Nd6 31. g4 g6 32. Nc3 f5 33. Kf2 Kf6
34. h3 g5 35. Ke2 Nf7 36. Kf2 Ne5 37. Rd8 Ng6 38. Ne2 Ke5 39. Rd3 Rd6 40. Re3+
Kf6 41. Ke1 Ne5 42. Nc1 Nc6 43. Rd3 Nd4 44. Kf2 e5 45. gxf5 h5 46. Ne2 h4 47.
Nc3 Kxf5 48. Ne4 Rc6 49. Rd1 a5 50. Rg1 Ne6 51. Ke3 a4 52. bxa4 Ra6 53. Rd1
Rxa4 54. Nd6+ Kf6 55. Rd5 Ra3+ 56. Ke4 g4 57. Ne8+ Ke7 58. Rxe5 gxh3 59. Ng7 h2
60. Nxe6 h1=Q 0-1

[Event "Open SSC Rostock 07 - 2009"]
[Site "Rostock"]
[Date "2009.08.29"]
[Round "6.4"]
[White "Kugler, Florian"]
[Black "Schulz, Michael"]
[Result "1/2-1/2"]
[WhiteElo "2042"]
[BlackElo "2268"]
[PlyCount "24"]
[EventDate "2009.08.27"]
[EventType "swiss"]
[EventRounds "7"]
[EventCountry "GER"]
[Source "Th. Schwetlick"]
[SourceDate "2009.08.27"]
[WhiteTeam "SC Neukloster"]
[BlackTeam "SC Zitadelle Spandau 1977"]

1. e4 e6 2. d4 d5 3. Nc3 Bb4 4. e5 c5 5. a3 Ba5 6. b4 cxb4 7. Nb5 Nc6 8. axb4
Bxb4+ 9. c3 Be7 10. Ba3 Nh6 11. Bxe7 Qxe7 12. Nd6+ Kf8 1/2-1/2

[Event "Open SSC Rostock 07 - 2009"]
[Site "Rostock"]
[Date "2009.08.29"]
[Round "6.5"]
[White "Kliewe, Hans Juergen"]
[Black "Peschel, Andreas"]
[Result "1/2-1/2"]
[WhiteElo "2120"]
[BlackElo "2191"]
[PlyCount "128"]
[EventDate "2009.08.27"]
[EventType "swiss"]
[EventRounds "7"]
[EventCountry "GER"]
[Source "Th. Schwetlick"]
[SourceDate "2009.08.27"]
[WhiteTeam "ASV Gruen-Weiss Wismar"]
[BlackTeam "SG Solingen"]

1. d4 g6 2. Nf3 Bg7 3. Bf4 c5 4. c3 cxd4 5. cxd4 Nc6 6. e3 d6 7. Qb3 Nf6 8. Nc3
O-O 9. Be2 Bd7 10. O-O Na5 11. Qa3 Rc8 12. Nd2 Re8 13. d5 b6 14. Rac1 Ng4 15.
b4 Nb7 16. Ba6 Rc7 17. Nb5 Rxc1 18. Rxc1 Qb8 19. h3 Nf6 20. e4 Rc8 21. Rxc8+
Bxc8 22. Bxb7 Bxb7 23. Qxa7 Qxa7 24. Nxa7 Nd7 25. Be3 f5 26. Nc6 fxe4 27. Nxe4
Kf8 28. Ng5 Bf6 29. Ne6+ Kg8 30. g4 Ba6 31. g5 Bc3 32. Nxe7+ Kf7 33. Nc6 Bc4
34. Nc7 b5 35. a3 Bb2 36. Bf4 Nb6 37. Bxd6 Nxd5 38. Ne5+ Bxe5 39. Bxe5 Nxc7 40.
Bxc7 Ke6 41. Kg2 Kd5 42. Kf3 Bd3 43. Ke3 Bf5 44. h4 Kc4 45. f3 Kd5 46. Bd8 Bb1
47. Bf6 Bf5 48. Be7 Bb1 49. Kf4 Bf5 50. h5 Bb1 51. h6 Bf5 52. a4 bxa4 53. b5
Bd7 54. b6 Bc6 55. Ke3 Ke6 56. Ba3 Kf5 57. f4 Bb7 58. Bc1 Bh1 59. Kd4 a3 60.
Kc3 a2 61. Kb2 Bd5 62. b7 Bxb7 63. Kxa2 Ke6 64. Kb3 Be4 1/2-1/2

[Event "Open SSC Rostock 07 - 2009"]
[Site "Rostock"]
[Date "2009.08.29"]
[Round "6.6"]
[White "Zentgraf, Robert"]
[Black "Stiefel, Roland"]
[Result "0-1"]
[WhiteElo "2119"]
[BlackElo "2073"]
[PlyCount "44"]
[EventDate "2009.08.27"]
[EventType "swiss"]
[EventRounds "7"]
[EventCountry "GER"]
[Source "Th. Schwetlick"]
[SourceDate "2009.08.27"]
[WhiteTeam "SAV Torgelow-Droegeheide"]
[BlackTeam "ZSG Gruen-Weiss Waltershausen"]

1. e4 c5 2. Nf3 a6 3. c3 d5 4. exd5 Qxd5 5. d4 Bg4 6. Be2 e6 7. O-O Nf6 8. Be3
cxd4 9. cxd4 Nbd7 10. Nc3 Qa5 11. h3 Bh5 12. Qb3 Qb4 13. Qc2 Bg6 14. Qc1 Rc8
15. a3 Qa5 16. b4 Qd8 17. Qb2 Be7 18. Rac1 O-O 19. Rfd1 Nb6 20. Ne5 Nfd5 21.
Bf3 Rxc3 22. Nxg6 hxg6 0-1

[Event "Open SSC Rostock 07 - 2009"]
[Site "Rostock"]
[Date "2009.08.29"]
[Round "6.7"]
[White "Steinhagen, Bernd"]
[Black "Wolke, Heiko"]
[Result "1-0"]
[WhiteElo "2318"]
[BlackElo "2012"]
[PlyCount "71"]
[EventDate "2009.08.27"]
[EventType "swiss"]
[EventRounds "7"]
[EventCountry "GER"]
[Source "Th. Schwetlick"]
[SourceDate "2009.08.27"]
[WhiteTeam "SC Rotation Pankow"]
[BlackTeam "SF Ostsee Warnemuende"]

1. c4 e5 2. Nc3 Nf6 3. g3 Be7 4. Bg2 O-O 5. Nf3 Nc6 6. d4 exd4 7. Nxd4 Bb4 8.
O-O Bxc3 9. bxc3 Re8 10. Rb1 Ne4 11. Qc2 Nxd4 12. cxd4 d5 13. cxd5 Bf5 14. g4
Bg6 15. f4 f5 16. Rxb7 Qf6 17. g5 Qxd4+ 18. e3 Qxd5 19. Rxc7 Red8 20. Bb2 Rd7
21. Rxd7 Qxd7 22. Rd1 Qe7 23. Qd3 Bf7 24. a3 Rb8 25. Qd4 Be8 26. Rc1 Rd8 27.
Qe5 Qxe5 28. Bxe5 Kf7 29. Bd4 a6 30. Bf1 Ke6 31. Bxa6 h6 32. h4 hxg5 33. hxg5
g6 34. Rc7 Ra8 35. Bc4+ Kd6 36. Be5# 1-0

[Event "Open SSC Rostock 07 - 2009"]
[Site "Rostock"]
[Date "2009.08.29"]
[Round "6.8"]
[White "Jeske, Holger"]
[Black "Welz, Peter"]
[Result "0-1"]
[WhiteElo "1980"]
[BlackElo "2101"]
[PlyCount "129"]
[EventDate "2009.08.27"]
[EventType "swiss"]
[EventRounds "7"]
[EventCountry "GER"]
[Source "Th. Schwetlick"]
[SourceDate "2009.08.27"]
[WhiteTeam "SSC Rostock 07"]
[BlackTeam "SV Empor Berlin"]

1. e4 e6 2. d4 d5 3. e5 c5 4. c3 Nc6 5. Bb5 Qb6 6. a4 a6 7. Bxc6+ bxc6 8. a5
Qb7 9. Ne2 Rb8 10. O-O h5 11. Ng3 g6 12. dxc5 Bxc5 13. b4 Ba7 14. Bg5 c5 15.
Ne4 Qc7 16. Nf6+ Nxf6 17. Bxf6 Rg8 18. Qd2 cxb4 19. cxb4 Qc4 20. Rc1 Qd4 21.
Qxd4 Bxd4 22. Ra2 Bd7 23. Rd2 Rxb4 24. Rdc2 g5 25. Nd2 Rg6 26. Nf3 Rxf6 27.
exf6 Bxf6 28. h4 gxh4 29. Ne1 Bg5 30. Ra1 Bb5 31. Nf3 Bf6 32. Rc8+ Ke7 33. Rc7+
Bd7 34. Rd1 Ra4 35. Rb1 Kd6 36. Ra7 Rxa5 37. Rb6+ Bc6 38. Rxf7 Bc3 39. Rf4 h3
40. gxh3 Kc5 41. Rb3 d4 42. Ne5 Bd5 43. Rb8 Rb5 44. Rc8+ Kb4 45. Nd3+ Kb3 46.
Kh2 Kc2 47. Rxd4 Kd2 48. Rxd5 exd5 49. Nc5 a5 50. Kg2 d4 51. f4 Ke3 52. f5 Rb2+
53. Kg1 d3 54. Na4 Rb1+ 55. Kg2 Bd4 56. Re8+ Kf4 57. Rd8 Rb4 58. f6 Bxf6 59.
Rxd3 Rxa4 60. Rf3+ Ke5 61. Re3+ Re4 62. Ra3 a4 63. Kf3 Be7 64. Ra2 a3 65. Rc2 {
Weiß gab einige Züge später auf} 0-1

[Event "Open SSC Rostock 07 - 2009"]
[Site "Rostock"]
[Date "2009.08.29"]
[Round "6.9"]
[White "Hamann, Dirk"]
[Black "Eichstaedt, Enrico"]
[Result "0-1"]
[WhiteElo "2048"]
[BlackElo "1890"]
[PlyCount "114"]
[EventDate "2009.08.27"]
[EventType "swiss"]
[EventRounds "7"]
[EventCountry "GER"]
[Source "Th. Schwetlick"]
[SourceDate "2009.08.27"]
[WhiteTeam "SF Ostsee Warnemuende"]
[BlackTeam "SC Neukloster"]

1. e4 c5 2. Nf3 d6 3. d4 cxd4 4. Nxd4 Nf6 5. Nc3 g6 6. f3 Bg7 7. Be3 O-O 8. Qd2
Nc6 9. O-O-O Nxd4 10. Bxd4 Be6 11. Kb1 Qc7 12. g4 Rfc8 13. g5 Nh5 14. Bxg7 Nxg7
15. Ne2 Qc4 16. b3 Qc5 17. Ng3 a5 18. a4 Qa3 19. Qc1 Qb4 20. Qb2 Rc3 21. Rd3
Rac8 22. Be2 Rxd3 23. Bxd3 Qc5 24. Qc1 Qb4 25. Qb2 Qd2 26. Qc1 Qf2 27. Qf1 Qc5
28. f4 Qa3 29. Qc1 Qb4 30. Qb2 Rc5 31. h4 Bg4 32. c4 Nh5 33. Nxh5 Bxh5 34. f5
Re5 35. Ka2 Qc5 36. Rh2 Bf3 37. h5 Bxh5 38. Be2 Bxe2 39. Rxe2 Qg1 40. Rg2 Qe3
41. fxg6 hxg6 42. Rh2 Qxg5 43. Qc3 Qg4 44. c5 Rh5 45. Rxh5 Qxh5 46. Qxa5 Qe2+
47. Ka3 Qxe4 48. cxd6 exd6 49. Qd8+ Kg7 50. Qxd6 g5 51. a5 g4 52. b4 Qf3+ 53.
Ka4 g3 54. b5 Qe4+ 55. Ka3 Qe3+ 56. Kb4 g2 57. a6 bxa6 0-1

[Event "Open SSC Rostock 07 - 2009"]
[Site "Rostock"]
[Date "2009.08.29"]
[Round "6.10"]
[White "Schreiber, Kevin"]
[Black "Leisner, Hannes"]
[Result "1/2-1/2"]
[WhiteElo "1593"]
[BlackElo "2021"]
[PlyCount "69"]
[EventDate "2009.08.27"]
[EventType "swiss"]
[EventRounds "7"]
[EventCountry "GER"]
[Source "Th. Schwetlick"]
[SourceDate "2009.08.27"]
[WhiteTeam "SC Mecklenburger Springer"]
[BlackTeam "Greifswalder SV"]

1. d4 Nf6 2. Bf4 g6 3. e3 Bg7 4. Nf3 O-O 5. Be2 d6 6. c4 c5 7. h3 Nc6 8. O-O
Qb6 9. Qd2 Nh5 10. Bg5 cxd4 11. Nxd4 Nxd4 12. exd4 Qxd4 13. Nc3 Qxd2 14. Bxd2
Nf6 15. Rfe1 Be6 16. Rac1 Rac8 17. b3 Nd7 18. Be3 a6 19. Ne4 h6 20. Bf3 Ne5 21.
Be2 Nc6 22. Nd2 Kh7 23. Nf3 Nb4 24. Bd2 a5 25. a3 Nc6 26. Bc3 Bxc3 27. Rxc3 Kg7
28. b4 axb4 29. axb4 Ra8 30. b5 Nb8 31. Nd4 Bc8 32. c5 Ra4 33. Rd1 d5 34. c6 e5
35. cxb7 1/2-1/2

[Event "Open SSC Rostock 07 - 2009"]
[Site "Rostock"]
[Date "2009.08.29"]
[Round "6.11"]
[White "Giese, Guido"]
[Black "Hingst, Silke"]
[Result "1-0"]
[WhiteElo "2015"]
[BlackElo "1878"]
[PlyCount "95"]
[EventDate "2009.08.27"]
[EventType "swiss"]
[EventRounds "7"]
[EventCountry "GER"]
[Source "Th. Schwetlick"]
[SourceDate "2009.08.27"]
[WhiteTeam "TSG Neuruppin"]
[BlackTeam "SSC Rostock 07"]

1. Nc3 e5 2. Nf3 Nc6 3. d4 exd4 4. Nxd4 Bc5 5. Nf5 Qf6 6. e4 Bb4 7. Bd2 Nge7 8.
Ne3 d6 9. Ned5 Nxd5 10. Nxd5 Bxd2+ 11. Qxd2 Qd8 12. Qc3 O-O 13. Bb5 Bd7 14. O-O
f5 15. Rae1 Kh8 16. f4 fxe4 17. Rxe4 Ne5 18. Bxd7 Nxd7 19. Re7 Nf6 20. Rxc7 Rc8
21. Rxc8 Qxc8 22. Qxc8 Rxc8 23. Nxf6 gxf6 24. c3 Kg7 25. Rd1 Rc6 26. Rd5 Kg6
27. Kf2 Ra6 28. a3 Rb6 29. Rd2 Rc6 30. Kf3 Kf5 31. Rd5+ Ke6 32. Rb5 Rc7 33. g4
d5 34. Ke3 Kd6 35. Rb4 a6 36. Rb6+ Ke7 37. f5 Kf7 38. h3 Rd7 39. Kd4 Ke7 40.
Re6+ Kf7 41. Kc5 Kg7 42. Rd6 Re7 43. Kxd5 Re3 44. Rd7+ Kh6 45. Rxb7 Rxh3 46.
Ke6 Kg5 47. Rg7+ Kf4 48. Kxf6 1-0

[Event "Open SSC Rostock 07 - 2009"]
[Site "Rostock"]
[Date "2009.08.29"]
[Round "6.12"]
[White "Raessler, Arndt"]
[Black "Porsch, Harald"]
[Result "1/2-1/2"]
[WhiteElo "1839"]
[BlackElo "2196"]
[PlyCount "45"]
[EventDate "2009.08.27"]
[EventType "swiss"]
[EventRounds "7"]
[EventCountry "GER"]
[Source "Th. Schwetlick"]
[SourceDate "2009.08.27"]
[WhiteTeam "ASV Gruen-Weiss Wismar"]
[BlackTeam "SC Rotation Pankow"]

1. d4 d5 2. Nf3 Nf6 3. c4 e6 4. Nc3 Be7 5. Bf4 c6 6. e3 Nbd7 7. Qc2 b6 8. cxd5
exd5 9. Bd3 Bb7 10. O-O O-O 11. Ne5 h6 12. Rac1 Re8 13. Ne2 c5 14. h3 c4 15.
Bf5 b5 16. Nc3 a6 17. Rcd1 Nb6 18. a3 Rf8 19. f3 Qe8 20. Qf2 a5 21. g4 g5 22.
Bg3 Kg7 23. h4 1/2-1/2

[Event "Open SSC Rostock 07 - 2009"]
[Site "Rostock"]
[Date "2009.08.29"]
[Round "6.13"]
[White "Vladov, Mark"]
[Black "Bigalke, Steffen"]
[Result "1-0"]
[WhiteElo "1651"]
[BlackElo "1978"]
[PlyCount "65"]
[EventDate "2009.08.27"]
[EventType "swiss"]
[EventRounds "7"]
[EventCountry "GER"]
[Source "Th. Schwetlick"]
[SourceDate "2009.08.27"]
[WhiteTeam "SF Ostsee Warnemuende"]
[BlackTeam "SAV Torgelow-Droegeheide"]

1. c4 e5 2. g3 d6 3. Bg2 f5 4. d3 Nf6 5. Nc3 g6 6. Qb3 Nc6 7. e3 Bg7 8. Nge2 h6
9. Bd2 Bd7 10. Nd5 Rb8 11. O-O O-O 12. Nxf6+ Bxf6 13. f4 Kh7 14. Bc3 Qe7 15.
Rfe1 Nd8 16. e4 Nf7 17. Qc2 exf4 18. Nxf4 Bxc3 19. Qxc3 Qd8 20. d4 c6 21. e5
dxe5 22. dxe5 g5 23. e6 gxf4 24. Rad1 fxg3 25. Rxd7 gxh2+ 26. Kh1 Qg5 27. Re3
f4 28. Be4+ Qg6 29. Bxg6+ Kxg6 30. Qd3+ Kf6 31. Qd4+ Kg5 32. Qg7+ Kh5 33. Rh3#
1-0

[Event "Open SSC Rostock 07 - 2009"]
[Site "Rostock"]
[Date "2009.08.29"]
[Round "6.15"]
[White "Weber, Max"]
[Black "Bardosch, Konstantin"]
[Result "1-0"]
[WhiteElo "1894"]
[BlackElo "1350"]
[PlyCount "57"]
[EventDate "2009.08.27"]
[EventType "swiss"]
[EventRounds "7"]
[EventCountry "GER"]
[Source "Th. Schwetlick"]
[SourceDate "2009.08.27"]
[WhiteTeam "SSC Rostock 07"]
[BlackTeam "SSC Rostock 07"]

1. d4 Nf6 2. Nf3 g6 3. c4 Bg7 4. Nc3 O-O 5. Bg5 d6 6. e3 Nbd7 7. Be2 c5 8. d5
a6 9. a4 Nb6 10. a5 Nbd7 11. O-O b5 12. axb6 Nxb6 13. Qc2 h6 14. Bh4 e6 15.
Rfd1 Qc7 16. dxe6 Bxe6 17. Bg3 Rfd8 18. Nd2 Qb7 19. Nde4 Nxe4 20. Nxe4 Bf5 21.
Bd3 Nc8 22. Rab1 a5 23. Nc3 Bxd3 24. Rxd3 Bxc3 25. Qxc3 a4 26. Rbd1 Ra6 27. Qf6
Qb6 28. Rd5 Qc7 29. Be5 1-0

[Event "Open SSC Rostock 07 - 2009"]
[Site "Rostock"]
[Date "2009.08.29"]
[Round "6.16"]
[White "Erich, Juergen"]
[Black "Pererva, Viktor"]
[Result "1/2-1/2"]
[WhiteElo "1873"]
[BlackElo "1637"]
[PlyCount "54"]
[EventDate "2009.08.27"]
[EventType "swiss"]
[EventRounds "7"]
[EventCountry "GER"]
[Source "Th. Schwetlick"]
[SourceDate "2009.08.27"]
[WhiteTeam "TSV Travemuende von 1860"]
[BlackTeam "SSC Rostock 07"]

1. d4 d5 2. Nf3 Nf6 3. e3 e6 4. Bd3 Nbd7 5. O-O c5 6. c3 Qc7 7. Nbd2 e5 8. dxe5
Nxe5 9. Nxe5 Qxe5 10. Nf3 Qc7 11. e4 dxe4 12. Re1 Bd6 13. Bxe4 O-O 14. Bg5 Nxe4
15. Rxe4 Bf5 16. Re1 Rfe8 17. Qa4 Be6 18. Bh4 a6 19. Bg3 Bxg3 20. hxg3 Qd7 21.
Qh4 f6 22. Rad1 Qf7 23. b3 Bd5 24. Qf4 Bc6 25. Qd6 Qf8 26. Qf4 Qf7 27. Qd6 Qf8
1/2-1/2

[Event "Open SSC Rostock 07 - 2009"]
[Site "Rostock"]
[Date "2009.08.29"]
[Round "6.17"]
[White "Kopischke, Maik"]
[Black "Jaehn, Justin"]
[Result "1/2-1/2"]
[WhiteElo "1899"]
[BlackElo "1587"]
[PlyCount "25"]
[EventDate "2009.08.27"]
[EventType "swiss"]
[EventRounds "7"]
[EventCountry "GER"]
[Source "Th. Schwetlick"]
[SourceDate "2009.08.27"]
[WhiteTeam "SC Zugzwang 95"]
[BlackTeam "SF Schwerin"]

1. d4 f5 2. Qd3 d5 3. Nf3 Nf6 4. Nc3 e6 5. Bg5 c6 6. g4 Bd6 7. gxf5 exf5 8. Bh3
h6 9. Bxf6 Qxf6 10. O-O-O g5 11. Nd2 Be6 12. Nb3 Nd7 13. e3 1/2-1/2

[Event "Open SSC Rostock 07 - 2009"]
[Site "Rostock"]
[Date "2009.08.29"]
[Round "6.18"]
[White "Hilbert, Stephan Joerg"]
[Black "Worm, Alfred"]
[Result "1/2-1/2"]
[WhiteElo "1591"]
[BlackElo "1841"]
[PlyCount "31"]
[EventDate "2009.08.27"]
[EventType "swiss"]
[EventRounds "7"]
[EventCountry "GER"]
[Source "Th. Schwetlick"]
[SourceDate "2009.08.27"]
[WhiteTeam "SV Wartburgstadt Eisenach"]
[BlackTeam "SSC Rostock 07"]

1. b4 e5 2. Bb2 d6 3. e3 Nf6 4. Nf3 Be7 5. Be2 O-O 6. c4 b6 7. d3 Bb7 8. Nbd2
e4 9. Ng5 exd3 10. Bxd3 h6 11. h4 Nbd7 12. f4 d5 13. a3 c5 14. b5 Qc7 15. Qe2
d4 16. O-O-O 1/2-1/2

[Event "Open SSC Rostock 07 - 2009"]
[Site "Rostock"]
[Date "2009.08.29"]
[Round "6.19"]
[White "Jaensch, Robert"]
[Black "Celmer, Ole"]
[Result "0-1"]
[WhiteElo "1720"]
[BlackElo "1543"]
[PlyCount "44"]
[EventDate "2009.08.27"]
[EventType "swiss"]
[EventRounds "7"]
[EventCountry "GER"]
[Source "Th. Schwetlick"]
[SourceDate "2009.08.27"]
[WhiteTeam "SSC Rostock 07"]
[BlackTeam "SSC Rostock 07"]

1. e4 e5 2. Nf3 Nc6 3. Bc4 Bc5 4. c3 Nf6 5. d4 exd4 6. cxd4 Bb4+ 7. Nc3 Nxe4 8.
O-O Bxc3 9. d5 Ne5 10. bxc3 Nxc4 11. Qd4 O-O 12. Qxe4 Nb6 13. Ng5 f5 14. Qf3 d6
15. Re1 Re8 16. Ne6 Bxe6 17. dxe6 Qf6 18. Qxb7 Qxc3 19. Be3 Qc4 20. Bxb6 axb6
21. e7 Rxa2 22. Qb8 Rxb8 0-1

[Event "Open SSC Rostock 07 - 2009"]
[Site "Rostock"]
[Date "2009.08.29"]
[Round "6.20"]
[White "Luther, Alexander"]
[Black "Bardosch, Karl Valentin"]
[Result "1-0"]
[WhiteElo "1689"]
[BlackElo "1266"]
[PlyCount "73"]
[EventDate "2009.08.27"]
[EventType "swiss"]
[EventRounds "7"]
[EventCountry "GER"]
[Source "Th. Schwetlick"]
[SourceDate "2009.08.27"]
[WhiteTeam "SSC Rostock 07"]
[BlackTeam "SSC Rostock 07"]

1. e4 c5 2. Nf3 d6 3. d4 cxd4 4. Nxd4 Nf6 5. Nc3 a6 6. Be2 e6 7. O-O Be7 8. Be3
O-O 9. Re1 b5 10. a3 Bb7 11. Bf3 Nc6 12. e5 Nd5 13. Nxd5 exd5 14. Bxd5 Nxd4 15.
Bxb7 Rb8 16. Bxd4 dxe5 17. Bxe5 Rxb7 18. Qf3 Rd7 19. Rad1 Rxd1 20. Rxd1 Qc8 21.
Qc3 f6 22. Qxc8 Rxc8 23. Bc3 Kf7 24. Kf1 Re8 25. Rd7 Kf8 26. Ra7 Bc5 27. Rxa6
Kf7 28. Rc6 Ba7 29. Rc7+ Re7 30. Rxe7+ Kxe7 31. f3 Kd6 32. Ke2 Kd5 33. Kd3 Bc5
34. Bb4 Bd4 35. b3 Be5 36. g3 f5 37. c4+ 1-0